LIBRARY & INFORMATION CENTRE, KCAET, TAVANUR

ONLINE PUBLIC ACCESS CATALOGUE (OPAC)

Horticultural machinery / (Record no. 9380)

MARC details
000 -LEADER
fixed length control field 00437cam a2200181ua 4500
020 ## - INTERNATIONAL STANDARD BOOK NUMBER
ISBN 0 582 40807 5
041 ## - LANGUAGE CODE
Language code of text/sound track or separate title eng
082 ## - DEWEY DECIMAL CLASSIFICATION NUMBER
Classification number 635
Item number HAW/HO
100 ## - MAIN ENTRY--AUTHOR NAME
Personal name Hawker, M F J .
245 ## - TITLE STATEMENT
Title Horticultural machinery /
250 ## - EDITION STATEMENT
Edition statement 3 /
260 ## - PUBLICATION, DISTRIBUTION, ETC. (IMPRINT)
Place of publication London :
Name of publisher Longman ,
Year of publication 1985.
300 ## - PHYSICAL DESCRIPTION
Number of Pages 180 ; .
700 1# - ADDED ENTRY--PERSONAL NAME
Personal name Keenlyside, J F .
942 ## - ADDED ENTRY ELEMENTS (KOHA)
Koha item type Books
Holdings
Withdrawn status Lost status Damaged status Home library Current library Date acquired Full call number Accession Number Koha item type
      KAUAET KAUAET 26/03/1987 635 16150 Books
free website counter